000 00499nam a2200169Ia 4500
008 090201s9999 xx 000 0 und d
010 _aKPL-19930
040 _bमराठी
041 _aमराठी
082 _a24041
_b19930
100 _aउद्धव ज. शेळके
245 _aआडवाट
_cउद्धव ज. शेळके
260 _c2004
_bसरीता प्रकाशन
300 _a235
_bमोठा
600 _aआडवाट
942 _cBOOK
999 _c223453
_d223453